Word Ladder: Under the Bridge Lyrics Quiz Stats

 Plays Quiz Updated Jun 15, 2018

Challenge
Share
Tweet
Embed
Score 0/24 Timer 04:00
2 Plays Today
Hint 4-Letter Word % Correct
*** Is the city I ___ in ***LIVE
95.2%
*** Take me to the place I ___ ***LOVE
95.2%
*** Sometimes I feel ___ I don't have a partner ***LIKE
95%
White bird of peaceDOVE
94.4%
Two wheeled vehicle with pedalsBIKE
93.9%
Chomp down with your teethBITE
93.5%
Foo Fighters lead singer ___ GrohlDAVE
93.4%
IdenticalSAME
92.2%
*** I ___ ever want to feel ***DON'T
92.1%
*** ___ me all the way ***TAKE
91.8%
*** I ___ my life away ***GAVE
91.3%
*** Is where I drew ___ blood ***SOME
91.3%
Hint 4-Letter Word % Correct
A storyTALE
91.3%
One half of a quartPINT
90.3%
To speakTALK
89.8%
Milton Bradley's 'The ___ of Life'GAME
89.2%
*** I ___ through her hills ***WALK
87.4%
A large, heavy bookTOME
86.7%
Bong hitTOKE
85.5%
An impression or hollow in a surfaceDINT
83.1%
To quoteCITE
83%
Feeling of sorrow and compassion for someonePITY
79.1%
*** The ___ she loves me ***CITY
79%
NCAA team, the ___ PanthersPITT
76.3%

Today's Daily Dose

Missing Word
Madam, I'm Adam

Quick Pick
Meat vs Animal

On This Day
October 21st II

You're not logged in!

Compare scores with friends on all Sporcle quizzes.
Join for Free
OR
Log In

You Might Also Like...

Show Comments

Extras

Top Quizzes Today


Score Distribution

Your Account Isn't Verified!

In order to create a playlist on Sporcle, you need to verify the email address you used during registration. Go to your Sporcle Settings to finish the process.

Report this User

Report this user for behavior that violates our Community Guidelines.

Details: